banner koha

Produção de hortaliças sob cobertura de plástico agrícola na Amazônia Oriental (Registro n. 292617)

MARC details
000 -LÍDER
campo de controle de tamanho fixo 01107nac a22003617a 4500
001 - NÚMERO DE CONTROLE
campo de controle BR0300764
003 - IDENTIFICADOR DO NÚMERO DE CONTROLE
campo de controle BR-BrBNA
005 - DATA E HORÁRIO DA ÚLTIMA TRANSAÇÃO
campo de controle 20240105122737.0
008 - CAMPO DE DADOS FIXOS--INFORMAÇÃO GERAL
campo de controle de tamanho fixo 230509b bl.|||m| |||| 00| 0 por d
040 ## - FONTE DA CATALOGAÇÃO
Instituição da catalogação original BR-BrBNA
Idioma da catalogação por
Instituição que transcreveu o registro Biblioteca Nacional de Agricultura
072 ## - CÓDIGO DE CATEGORIA DE ASSUNTO
Código de Categoria de Assunto F01; F08
090 ## - NÚMERO DE CHAMADA LOCAL
Número de chamada 1300 BR0300764
100 1# - ENTRADA PRINCIPAL--NOME PESSOAL
Nome pessoal Cheng, S.S.
100 1# - ENTRADA PRINCIPAL--NOME PESSOAL
Nome pessoal Chu, E.Y.
110 1# - ENTRADA PRINCIPAL--NOME CORPORATIVO
Nome corporativo ou nome da jurisdição EMBRAPA Amazônia Oriental, Belém, PA (Brasil)
245 1# - TÍTULO
Título Produção de hortaliças sob cobertura de plástico agrícola na Amazônia Oriental
260 3# - PUBLICAÇÃO, DISTRIBUIÇÃO, ETC.
Local de publicação, distribuição, etc. Belém, PA (Brasil):
Data da publicação, distribuição, etc. 2000.
300 ## - DESCRIÇÃO FÍSICA
Extensão 25 p.
490 ## - TÍTULO DA SÉRIE
Título da série Circular Técnica - EMBRAPA Amazônia Oriental (Brazil)
Número do volume ou designação sequencial da série no. 15
ISSN - International Standard Serial Number ISSN 1517-221X
500 ## - NOTA GERAL
Nota geral 7 ref.
650 ## - ASSUNTO--TERMO TÓPICO
Cabeçalho tópico ou nome geográfico HORTALIÇA
650 ## - ASSUNTO--TERMO TÓPICO
Cabeçalho tópico ou nome geográfico SISTEMA DE CULTIVO
650 ## - ASSUNTO--TERMO TÓPICO
Cabeçalho tópico ou nome geográfico PLASTICULTURA
650 ## - ASSUNTO--TERMO TÓPICO
Cabeçalho tópico ou nome geográfico PLANTIO DIRETO
650 ## - ASSUNTO--TERMO TÓPICO
Cabeçalho tópico ou nome geográfico TRANSPLANTE DE PLANTA
650 ## - ASSUNTO--TERMO TÓPICO
Cabeçalho tópico ou nome geográfico DOENÇA DE PLANTA
650 ## - ASSUNTO--TERMO TÓPICO
Cabeçalho tópico ou nome geográfico CONTROLE BIOLÓGICO
650 ## - ASSUNTO--TERMO TÓPICO
Cabeçalho tópico ou nome geográfico PRODUÇÃO VEGETAL
650 ## - ASSUNTO--TERMO TÓPICO
Cabeçalho tópico ou nome geográfico QUALIDADE
650 ## - ASSUNTO--TERMO TÓPICO
Cabeçalho tópico ou nome geográfico AMAZÔNIA
909 ## -
-- 202312
-- Lúcia Elande
-- 55
-- Lúcia Elande
942 ## - ELEMENTOS DE ENTRADA ADICIONADOS (KOHA)
Fonte da classificação ou esquema de arquivamento na estante Classificação AGRIS
Ocultar no OPAC Não
Tipo de material Koha Monografia Seriada
Exemplares
Situação do descarte Fonte da classificação ou esquema de arquivamento na estante Situação física Não pode ser emprestado Coleção Biblioteca de origem Biblioteca atual Localização na estante Total de empréstimos Número de telefone completo Código de barras Data de último acesso Tipo de material Koha Fonte de aquisição
  Classificação AGRIS       Biblioteca Nacional de Agricultura - Binagri Biblioteca Nacional de Agricultura - Binagri Agrobase - Acervo Geral   1300 BR0300764 1300 BR0300764 18/12/2023 Monografia Seriada Portaria Interministerial nº 164/94

BINAGRI

Telefone: (61)3218-2567/2388/3357/2097 - binagri@agro.gov.br

Ministério da Agricultura e Pecuária , Esplanada dos Ministérios, Bloco D, Anexo B, Brasília/DF, CEP: 70.043-900